Энциклопедический юридический словарь

Podrobná bibliografie
Jazyk:ruština
Vydáno: Москва, Инфра-М, 1999
Vydání:2-е изд.
Edice:Библиотека словарей "Инфра-М"
Témata:
Médium: MixedMaterials Kniha
KOHA link:https://koha.lib.tpu.ru/cgi-bin/koha/opac-detail.pl?biblionumber=11181

MARC

LEADER 00000nam0a2200000 4500
001 11181
005 20231101204747.0
010 |a 586225708X 
035 |a (RuTPU)RU\TPU\book\11252 
035 |a BOOK00011318 
090 |a 11181 
100 |a 20011209d1999 km y0rusy50 ca 
101 0 |a rus 
102 |a RU 
105 |a y ef 000zy 
200 1 |a Энциклопедический юридический словарь 
205 |a 2-е изд. 
210 |a Москва  |c Инфра-М  |d 1999 
215 |a 368 с. 
225 1 |a Библиотека словарей "Инфра-М" 
606 1 |a Государство и право  |x Теория  |2 stltpush  |3 (RuTPU)RU\TPU\subj\8388  |9 35806 
610 1 |a право 
610 1 |a словари 
610 1 |a энциклопедические словари 
686 |a Х0я2  |v LBC/SL-A  |2 rubbk 
801 0 |a RU  |b 63413507  |c 20011209  |g PSBO 
801 2 |a RU  |b 63413507  |c 20230315  |g PSBO 
942 |c BK